Medzev

Bibliographic Details
Format: Article
Language:Slovak
Subjects:

MARC

LEADER 00000nab a2200000 a 4500
001 vtls000920380
003 SK-MaSNL
005 20260303033912.0
008 040720e19910000xo 0 slo
035 |a KE29257 
040 |a KEVKJB  |b slo  |c KEVKJB  |e AACR2 
041 0 |a slo 
044 |a xo  |c SK 
080 |a 929.6(437.671)  |2 1981 
245 0 0 |a Medzev 
650 0 7 |a heraldika  |2 KEVKJB  |9 3642 
650 0 7 |a erby slovenské  |2 KEVKJB  |9 883177 
650 0 7 |a vlajky slovenské  |2 KEVKJB  |9 883178 
650 0 7 |a vznik  |2 KEVKJB  |9 315833 
650 0 7 |a charakteristika  |2 KEVKJB  |9 30093 
650 0 7 |a opisy  |2 KEVKJB  |9 880273 
650 0 7 |a dejiny  |2 KEVKJB  |9 3825 
651 7 |a Medzev (Slovensko)   |2 KEVKJB  |9 25106 
651 7 |a KS,  |2 KEVKJB  |9 880381 
655 7 |a zborník  |2 snkbucl  |9 377384 
773 0 8 |t Erby a vlajky miest v Slovenskej republike  |d Bratislava : Obzor, 1991  |g Roč. 28, S. 138-139 
852 |a ZVYKNI  |b KIS3GCP 
999 |c 1671721  |d 1673651